Влияние болот на гидрохимический сток в бассейне Средней Оби (в пределах Томской области); Известия Томского политехнического университета [Известия ТПУ]; Т. 308, № 3
| Parent link: | Известия Томского политехнического университета [Известия ТПУ]/ Томский политехнический университет (ТПУ).— , 2000- Т. 308, № 3.— 2005.— [С. 47-50] |
|---|---|
| Päätekijä: | |
| Yhteenveto: | Заглавие с титульного листа Электронная версия печатной публикации Проведен анализ химического состава болотных вод бассейна Средней Оби в пределах Томской области за период с 1960-х гг. по 2003 г. Получены данные о средних концентрациях макрокомпонентов, биогенных и органических веществ в болотных водах при разной антропогенной нагрузке. Показано, что уровень содержания изученных веществ в болотных водах определяется интенсивностью водообмена, типом водного питания болота и физико-химическими свойствами торфов. Установлено, что антропогенное влияние на химический состав болотных вод носит локальный характер, причем наиболее значительные изменения содержаний главных ионов, биогенных веществ и величины химического потребления кислорода наблюдаются при осушении торфяных залежей, в местах аварийных разливов на объектах нефтедобычи и непосредственно у шламовых амбаров. |
| Kieli: | venäjä |
| Julkaistu: |
2005
|
| Sarja: | Естественные науки |
| Aiheet: | |
| Linkit: | http://www.lib.tpu.ru/fulltext/v/Bulletin_TPU/2005/v308/i3/09.pdf |
| Aineistotyyppi: | MixedMaterials Elektroninen Kirjan osa |
| KOHA link: | https://koha.lib.tpu.ru/cgi-bin/koha/opac-detail.pl?biblionumber=170354 |
MARC
| LEADER | 00000nla2a2200000 4500 | ||
|---|---|---|---|
| 001 | 170354 | ||
| 005 | 20231215154404.0 | ||
| 035 | |a (RuTPU)RU\TPU\book\184750 | ||
| 035 | |a RU\TPU\book\184745 | ||
| 090 | |a 170354 | ||
| 100 | |a 20091121d2005 k y0rusy50 ca | ||
| 101 | 0 | |a rus | |
| 102 | |a RU | ||
| 135 | |a drnn ---uucaa | ||
| 181 | 0 | |a i | |
| 182 | 0 | |a b | |
| 200 | 1 | |a Влияние болот на гидрохимический сток в бассейне Средней Оби (в пределах Томской области) |f О. Г. Савичев | |
| 203 | |a Текст |c электронный | ||
| 215 | |a 1 файл (159 Кб) | ||
| 225 | 1 | |a Естественные науки | |
| 300 | |a Заглавие с титульного листа | ||
| 300 | |a Электронная версия печатной публикации | ||
| 320 | |a [Библиогр.: с. 50 (19 назв.)] | ||
| 330 | |a Проведен анализ химического состава болотных вод бассейна Средней Оби в пределах Томской области за период с 1960-х гг. по 2003 г. Получены данные о средних концентрациях макрокомпонентов, биогенных и органических веществ в болотных водах при разной антропогенной нагрузке. Показано, что уровень содержания изученных веществ в болотных водах определяется интенсивностью водообмена, типом водного питания болота и физико-химическими свойствами торфов. Установлено, что антропогенное влияние на химический состав болотных вод носит локальный характер, причем наиболее значительные изменения содержаний главных ионов, биогенных веществ и величины химического потребления кислорода наблюдаются при осушении торфяных залежей, в местах аварийных разливов на объектах нефтедобычи и непосредственно у шламовых амбаров. | ||
| 337 | |a Adobe Reader | ||
| 461 | 1 | |0 (RuTPU)RU\TPU\book\176237 |t Известия Томского политехнического университета [Известия ТПУ] |f Томский политехнический университет (ТПУ) |d 2000- | |
| 463 | 1 | |0 (RuTPU)RU\TPU\book\184739 |t Т. 308, № 3 |v [С. 47-50] |d 2005 |p 263 с. | |
| 610 | 1 | |a болота | |
| 610 | 1 | |a гидрохимический сток | |
| 610 | 1 | |a Средняя Обь | |
| 610 | 1 | |a Томская область | |
| 610 | 1 | |a анализы | |
| 610 | 1 | |a химический состав | |
| 610 | 1 | |a 20 век | |
| 610 | 1 | |a данные | |
| 610 | 1 | |a концентрация | |
| 610 | 1 | |a макрокомпоненты | |
| 610 | 1 | |a биогенные вещества | |
| 610 | 1 | |a органические вещества | |
| 610 | 1 | |a болотные воды | |
| 610 | 1 | |a антропогенные нагрузки | |
| 610 | 1 | |a содержание | |
| 610 | 1 | |a водообмен | |
| 610 | 1 | |a водное питание | |
| 610 | 1 | |a физико-химические свойства | |
| 610 | 1 | |a торф | |
| 610 | 1 | |a антропогенное влияние | |
| 610 | 1 | |a изменения | |
| 610 | 1 | |a ионы | |
| 610 | 1 | |a потребление | |
| 610 | 1 | |a кислород | |
| 610 | 1 | |a осушение | |
| 610 | 1 | |a торфяные залежи | |
| 610 | 1 | |a аварийные разливы | |
| 610 | 1 | |a объекты | |
| 610 | 1 | |a нефтедобыча | |
| 610 | 1 | |a шламовые амбары | |
| 610 | 1 | |a труды учёных ТПУ | |
| 610 | 1 | |a электронный ресурс | |
| 700 | 1 | |a Савичев |b О. Г. |c геолог |c профессор Томского политехнического университета, доктор географических наук |f 1967- |g Олег Геннадьевич |3 (RuTPU)RU\TPU\pers\25454 |9 11394 | |
| 801 | 1 | |a RU |b 63413507 |c 20090623 |g PSBO | |
| 801 | 2 | |a RU |b 63413507 |c 20210927 |g PSBO | |
| 856 | 4 | |u http://www.lib.tpu.ru/fulltext/v/Bulletin_TPU/2005/v308/i3/09.pdf | |
| 942 | |c CF | ||